| 000 | 00622nam a2200181 i 4500 | ||
|---|---|---|---|
| 001 | 16748 | ||
| 003 | ES-MaACL | ||
| 005 | 20230906151405.0 | ||
| 007 | t| | ||
| 008 | 001030s1983 sp ||||1| spa d | ||
| 080 | _a630*24 | ||
| 100 | 1 |
_aBalguerías Jiménez, Antonio. _924934 |
|
| 245 | 1 | 0 |
_aInvestigación, experiencia y aplicación de la mejora genética forestal / _cAntonio Balguerías Jiménez. |
| 260 |
_a[S.l] : _bEscuela Universitaria de Ingeniería Técnica Forestal, _c1983. |
||
| 300 |
_a15 h. ; _c21 cm. |
||
| 650 | 1 | 4 |
_aArboles forestales- _xMejora genética. _99943 |
| 852 |
_aES-MaACL _j2154-F-25 _bR.128952 |
||
| 999 |
_c16748 _d16748 |
||